[Event "ESP-chT CECLUB Div2"]
[Site "Linares"]
[Date "2019.08.20"]
[Round "3.2"]
[White "Calzetta Ruiz, Monica"]
[Black "Castellet Menchon, Cora"]
[Result "1-0"]
[WhiteElo "2257"]
[BlackElo "1866"]
[PlyCount "75"]
[EventDate "2019.08.19"]
[EventType "team-swiss"]
[EventRounds "7"]
[EventCountry "ESP"]
[SourceTitle "EXT 2020"]
[Source "ChessBase"]
[SourceDate "2019.10.17"]
[SourceVersion "1"]
[SourceVersionDate "2019.10.17"]
[SourceQuality "1"]
[WhiteTeam "Villalba 64"]
[BlackTeam "Ateneo Maritimo"]
[WhiteTeamCountry "ESP"]
[BlackTeamCountry "ESP"]

1. e4 c5 2. Nf3 Nc6 3. d4 cxd4 4. Nxd4 g6 5. c4 Bg7 6. Be3 Nf6 7. Nc3 0-0 8. Be2 d6 9. Qd2 Bd7 10. f3 a5 11. Ndb5 a4 12. 0-0 Qa5 13. Rfc1 Ne5 14. Rab1 Rfc8 15. b4 axb3 16. axb3 Bxb5 17. Nxb5 Qxd2 18. Bxd2 Ra2 19. Rd1 Nfd7 20. f4 Nc6 21. Bg4 Rd8 22. Be3 h5 23. Bxd7 Rxd7 24. e5 Re2 25. Bf2 Bh6 26. g3 Bf8 27. c5 Rd8 28. cxd6 exd6 29. Nxd6 Bxd6 30. exd6 Re6 31. Bc5 Nb8 32. Rbc1 Nd7 33. Bb4 Nf6 34. Rc7 Ne8 35. Rxb7 Nxd6 36. Rb6 Nb7 37. Rxd8+ Nxd8 38. Rb8 1-0

[Event "Sueca op 2nd"]
[Site "Sueca"]
[Date "2016.07.31"]
[Round "8.14"]
[White "Jarque Megias, Juan Jose"]
[Black "Castellet Menchon, Cora"]
[Result "1-0"]
[WhiteElo "2105"]
[BlackElo "1861"]
[PlyCount "45"]
[EventDate "2016.07.25"]
[EventType "swiss"]
[EventRounds "8"]
[EventCountry "ESP"]
[SourceTitle "EXT 2024"]
[Source "ChessBase"]
[SourceDate "2023.10.10"]
[SourceVersion "1"]
[SourceVersionDate "2023.10.10"]
[SourceQuality "1"]

1. e4 c5 2. Nf3 g6 3. d4 cxd4 4. Nxd4 Bg7 5. c4 Nc6 6. Be3 Nf6 7. Nc3 Ng4 8. Qxg4 Nxd4 9. Qd1 Ne6 10. Be2 Qa5 11. Qd2 b6 12. 0-0 Bb7 13. f3 f5 14. exf5 Qxf5 15. Bd3 Qh5 16. Be4 Be5 17. g4 Qxh2+ 18. Qxh2 Bxh2+ 19. Kxh2 0-0-0 20. Bxb7+ Kxb7 21. Nd5 Rde8 22. a4 h5 23. g5 1-0

[Event "Foment Martinenc op-A 17th"]
[Site "Barcelona"]
[Date "2015.05.30"]
[Round "6"]
[White "Castellet Menchon, Cora"]
[Black "Guix Torres, David"]
[Result "0-1"]
[WhiteElo "1725"]
[BlackElo "2084"]
[PlyCount "72"]
[EventDate "2015.04.25"]
[EventType "swiss"]
[EventRounds "9"]
[EventCountry "ESP"]
[SourceTitle "EXT 2017"]
[Source "ChessBase"]
[SourceDate "2016.10.25"]
[SourceVersion "1"]
[SourceVersionDate "2016.10.25"]
[SourceQuality "1"]

1. d4 Nf6 2. c4 c5 3. d5 b5 4. cxb5 a6 5. bxa6 g6 6. Nc3 Bxa6 7. Nf3 Bg7 8. g3 d6 9. Bg2 0-0 10. 0-0 Nfd7 11. Qc2 Nb6 12. Rd1 N8d7 13. b3 Bxe2 14. Qxe2 Bxc3 15. Bb2 Bxb2 16. Qxb2 Ra7 17. Nd2 Qa8 18. Nb1 c4 19. Nc3 Nc5 20. bxc4 Nxc4 21. Qe2 Na3 22. Ne4 Rc8 23. Ng5 h6 24. Nf3 Qb7 25. Nd4 Qa6 26. Qe3 Kh7 27. Nc6 Rb7 28. Qf3 Rf8 29. Nd8 Rb2 30. Nxf7 Qe2 31. Qf4 Kg7 32. Re1 Qd2 33. Rxe7 Qxf4 34. gxf4 Rxf7 35. Re3 Nc2 36. Re2 Rfb7 0-1

[Event "Foment Martinenc op-A 15th"]
[Site "Barcelona"]
[Date "2013.06.08"]
[Round "8"]
[White "Cabot Muntane, Jordi"]
[Black "Castellet Menchon, Cora"]
[Result "1/2-1/2"]
[WhiteElo "1956"]
[BlackElo "1799"]
[PlyCount "92"]
[EventDate "2013.04.20"]
[EventType "swiss"]
[EventRounds "9"]
[EventCountry "ESP"]
[SourceTitle "CBM 154 Extra"]
[Source "ChessBase"]
[SourceDate "2013.06.25"]
[SourceVersion "2"]
[SourceVersionDate "2013.06.25"]
[SourceQuality "1"]

1. e4 c5 2. d4 cxd4 3. c3 g6 4. cxd4 d5 5. e5 Bg7 6. Bd3 Nc6 7. Nf3 Bg4 8. Be2 Nh6 9. Be3 0-0 10. 0-0 Nf5 11. Qd2 e6 12. Nc3 Bxf3 13. Bxf3 f6 14. exf6 Qxf6 15. Ne2 Nfxd4 16. Nxd4 Nxd4 17. Bxd4 Qxd4 18. Qxd4 Bxd4 19. Rfe1 Rf6 20. Re2 Rd8 21. Rd1 e5 22. b3 Rc6 23. g3 Kf7 24. h4 h6 25. Kh2 Kf6 26. Bg2 g5 27. f4 gxf4 28. gxf4 Bc3 29. Rxd5 Rxd5 30. Bxd5 Rd6 31. Bxb7 exf4 32. Bf3 Bd4 33. Kh3 Be3 34. h5 Rd3 35. Kg4 Rc3 36. Be4 Rc5 37. Rc2 Rg5+ 38. Kh4 Ke5 39. Bb7 Kd4 40. Rg2 Rb5 41. Bf3 Rb8 42. Rg6 Rh8 43. Kg4 Kc3 44. Bd5 Rd8 45. Bc4 Rh8 46. Kf3 Kd4 1/2-1/2

[Event "Cerdanyola del Valles op 30th"]
[Site "Cerdanyola del Valles"]
[Date "2012.11.03"]
[Round "5"]
[White "Castellet Menchon, Cora"]
[Black "Lozano Diaz, Antoni"]
[Result "1-0"]
[WhiteElo "1767"]
[BlackElo "1916"]
[PlyCount "65"]
[EventDate "2012.09.29"]
[EventType "swiss"]
[EventRounds "8"]
[EventCountry "ESP"]
[SourceTitle "EXT 2014"]
[Source "ChessBase"]
[SourceDate "2013.11.20"]
[SourceVersion "1"]
[SourceVersionDate "2013.11.20"]
[SourceQuality "1"]

1. d4 d5 2. c4 e6 3. Nc3 Be7 4. cxd5 exd5 5. Bf4 c6 6. Qc2 g6 7. e3 Bf5 8. Bd3 Bxd3 9. Qxd3 Nf6 10. Nf3 0-0 11. h3 Re8 12. 0-0 Bd6 13. Bxd6 Qxd6 14. Ne5 Nbd7 15. f4 Ne4 16. Nxe4 dxe4 17. Qb3 Nxe5 18. fxe5 Qd5 19. Qc2 Rac8 20. Rf4 c5 21. Qxe4 Qc4 22. Raf1 Re7 23. b3 Qc3 24. Qf3 Rcc7 25. e6 f5 26. d5 Rc8 27. g4 Rf8 28. gxf5 Rxf5 29. Rxf5 gxf5 30. Qxf5 Qxe3+ 31. Kh1 Qh6 32. Rg1+ Rg7 33. Qf7+ 1-0

[Event "ESP-ch U14"]
[Site "Salobrena"]
[Date "2012.07.10"]
[Round "3"]
[White "Castellet Menchon, Cora"]
[Black "Santamaria Fernandez, Guillermo"]
[Result "1-0"]
[WhiteElo "1823"]
[BlackElo "1595"]
[PlyCount "111"]
[EventDate "2012.07.09"]
[EventType "swiss"]
[EventRounds "9"]
[EventCountry "ESP"]
[SourceTitle "EXT 2014"]
[Source "ChessBase"]
[SourceDate "2013.11.20"]
[SourceVersion "1"]
[SourceVersionDate "2013.11.20"]
[SourceQuality "1"]

1. d4 c5 2. d5 Nf6 3. c4 b5 4. cxb5 a6 5. bxa6 Bxa6 6. Nc3 d6 7. Nf3 g6 8. g3 Bg7 9. Bg2 0-0 10. 0-0 Nbd7 11. Rb1 Qc7 12. b3 Rfb8 13. Re1 Ng4 14. Bd2 Nde5 15. Nxe5 Nxe5 16. f4 Nd7 17. Qc2 Ra7 18. e4 f6 19. a4 Rab7 20. Bf1 Bxf1 21. Kxf1 Ra8 22. Nb5 Qc8 23. Kg2 Nb8 24. Bc3 Nd7 25. Qe2 Qb8 26. Qg4 Nf8 27. Re2 Rxb5 28. axb5 Qxb5 29. Reb2 Ra3 30. Qe2 Qxe2+ 31. Rxe2 c4 32. Reb2 Rxb3 33. Rxb3 cxb3 34. Rxb3 Kf7 35. Ba5 Nd7 36. Kf3 f5 37. Rb5 fxe4+ 38. Kxe4 Nf6+ 39. Kd3 Nd7 40. Kc4 Nf6 41. Rb3 h5 42. h3 Ne4 43. Kb5 Nc5 44. Rf3 e6 45. Kc6 exd5 46. Kxd5 Bf8 47. Bc7 Nd7 48. Bxd6 Bg7 49. Rb3 Nf6+ 50. Kc6 Kg8 51. Rb8+ Kh7 52. Rb7 Kh6 53. Be5 Ne8 54. Re7 Nf6 55. Rf7 Ne8 56. Kd5 1-0

[Event "Llinars del Valles op-A 6th"]
[Site "Llinars del Valles"]
[Date "2012.05.12"]
[Round "5"]
[White "Cervello Tost, Ferran"]
[Black "Castellet Menchon, Cora"]
[Result "1-0"]
[WhiteElo "1959"]
[BlackElo "1798"]
[PlyCount "159"]
[EventDate "2012.04.14"]
[EventType "swiss"]
[EventRounds "9"]
[EventCountry "ESP"]
[SourceTitle "EXT 2013"]
[Source "ChessBase"]
[SourceDate "2012.11.22"]
[SourceVersion "1"]
[SourceVersionDate "2012.11.22"]
[SourceQuality "1"]

1. Nf3 e6 2. g3 d5 3. d4 f5 4. Bg2 Nf6 5. 0-0 Bd6 6. b3 Qe7 7. c4 c6 8. Bb2 0-0 9. Qc1 b6 10. Ba3 Bxa3 11. Nxa3 Ba6 12. Ne5 Bb7 13. Nc2 Nbd7 14. Nxd7 Nxd7 15. f4 Rac8 16. Qe3 Nf6 17. Ne1 Ne4 18. Nd3 dxc4 19. Bxe4 cxd3 20. Bxd3 Qd7 21. Qe5 c5 22. Bc4 Rfe8 23. Rad1 b5 24. Bd3 c4 25. bxc4 bxc4 26. Bc2 Qc6 27. Rf3 Qa6 28. Rc3 Qxa2 29. Rb1 Qa6 30. Qb5 Qxb5 31. Rxb5 Bd5 32. Kf2 Rb8 33. Ra5 Re7 34. Bxf5 Rb2 35. Bg4 Rb3 36. Rc2 Rc7 37. f5 Be4 38. Rc1 exf5 39. Bf3 Bxf3 40. exf3 Rb2+ 41. Ke3 Rb3+ 42. Kf4 Kf7 43. Rxf5+ Ke7 44. Rd5 Rb6 45. Re5+ Kd6 46. Ke4 Rcc6 47. Ra5 a6 48. Ra4 c3 49. Ra3 Rb2 50. Rcxc3 Rxc3 51. Rxc3 Ra2 52. h4 a5 53. h5 a4 54. Rc8 a3 55. Ra8 Re2+ 56. Kd3 Rf2 57. Ke3 Rh2 58. Rxa3 Rxh5 59. Ra6+ Ke7 60. Ke4 Rh1 61. Kf5 Rh5+ 62. Kf4 Rh1 63. g4 Re1 64. Kf5 Rd1 65. Ra7+ Kf8 66. Rd7 Rh1 67. f4 g6+ 68. Kf6 Ke8 69. Ra7 Rh4 70. Kg5 Rh1 71. d5 Rd1 72. Rxh7 Rxd5+ 73. Kxg6 Rd4 74. Kg5 Rd6 75. f5 Kf8 76. Ra7 Rc6 77. f6 Rc4 78. Kf5 Rc2 79. Kg6 Rf2 80. Ra8# 1-0

[Event "Benidorm Nuevas Generaciones op 7th"]
[Site "Benidorm"]
[Date "2011.12.09"]
[Round "4.4"]
[White "Castellet Menchon, Cora"]
[Black "Moreno Ibanez, Miguel"]
[Result "0-1"]
[WhiteElo "1762"]
[BlackElo "2062"]
[PlyCount "46"]
[EventDate "2011.12.07"]
[EventType "swiss"]
[EventRounds "7"]
[EventCountry "ESP"]
[SourceTitle "EXT 2015"]
[Source "ChessBase"]
[SourceDate "2014.11.20"]
[SourceVersion "1"]
[SourceVersionDate "2014.11.20"]
[SourceQuality "1"]

1. e4 c5 2. Nf3 Nc6 3. d4 cxd4 4. Nxd4 e5 5. Nb5 d6 6. N1c3 a6 7. Na3 b5 8. Nd5 Nce7 9. Nxe7 Bxe7 10. c4 Nf6 11. Bd3 Bb7 12. f3 0-0 13. cxb5 axb5 14. Nxb5 d5 15. Qe2 Bb4+ 16. Bd2 Bxd2+ 17. Qxd2 dxe4 18. fxe4 Nxe4 19. Bxe4 Qh4+ 20. Qf2 Qxe4+ 21. Qe2 Qb4+ 22. Nc3 Ba6 23. Qe4 Qxb2 0-1

[Event "Llinars del Valles op-A 5th"]
[Site "Llinars del Valles"]
[Date "2011.04.30"]
[Round "1"]
[White "Castellet Menchon, Cora"]
[Black "Pozanco Romasanta, Marc"]
[Result "1-0"]
[WhiteElo "1689"]
[BlackElo "1933"]
[PlyCount "51"]
[EventDate "2011.04.30"]
[EventType "swiss"]
[EventRounds "7"]
[EventCountry "ESP"]
[SourceTitle "EXT 2012"]
[Source "ChessBase"]
[SourceDate "2011.11.24"]
[SourceVersion "1"]
[SourceVersionDate "2011.11.24"]
[SourceQuality "1"]

1. e4 c5 2. Nf3 e6 3. d4 cxd4 4. Nxd4 Nf6 5. Nc3 Nc6 6. Nxc6 bxc6 7. e5 Nd5 8. Ne4 Qc7 9. f4 Qb6 10. c4 Ne3 11. Qd3 Nxf1 12. Rxf1 Ba6 13. b3 Rd8 14. Be3 c5 15. Rd1 Bb7 16. Nd6+ Bxd6 17. Qxd6 Qxd6 18. Rxd6 Rc8 19. Kf2 Ke7 20. Rfd1 Rc7 21. Bxc5 Ke8 22. Bxa7 Bc6 23. Bb6 Rb7 24. c5 Bd5 25. a4 Bc6 26. Rxc6 1-0

[Event "Catalunya-ch (Women)"]
[Site "Barbera del Valles"]
[Date "2010.12.05"]
[Round "2"]
[White "Castellet Menchon, Cora"]
[Black "Marin Benito, Carla"]
[Result "0-1"]
[WhiteElo "1703"]
[BlackElo "1864"]
[PlyCount "78"]
[EventDate "2010.12.04"]
[EventType "swiss"]
[EventRounds "6"]
[EventCountry "ESP"]
[SourceTitle "EXT 2019"]
[Source "ChessBase"]
[SourceDate "2018.10.10"]
[SourceVersion "1"]
[SourceVersionDate "2018.10.10"]
[SourceQuality "1"]

1. e4 c5 2. Nf3 Nc6 3. d4 cxd4 4. Nxd4 e5 5. Nb5 a6 6. Nd6+ Bxd6 7. Qxd6 Qf6 8. Qd1 Qg6 9. Nc3 Nge7 10. h4 h5 11. Bg5 b5 12. Bxe7 Nxe7 13. Qd3 Bb7 14. 0-0-0 Rd8 15. a3 d5 16. exd5 Qxd3 17. Bxd3 Bxd5 18. Nxd5 Nxd5 19. Rhe1 f6 20. Be4 Nc7 21. Bg6+ Ke7 22. Rxd8 Kxd8 23. Re3 Ne6 24. Rg3 Nf4 25. Kd2 Ke7 26. Be4 Kf7 27. Bb7 Rd8+ 28. Ke3 Rd6 29. Be4 Rd1 30. Bb7 a5 31. Bc6 b4 32. axb4 axb4 33. Ke4 Re1+ 34. Kf3 Rb1 35. b3 Rc1 36. Be4 g6 37. Ke3 Re1+ 38. Kf3 f5 39. Bc6 Re2 0-1

[Event "Wch U12 Girls"]
[Site "Porto Carras"]
[Date "2010.10.23"]
[Round "4"]
[White "Sunyasakta, Satpathy"]
[Black "Castellet Menchon, Cora"]
[Result "1-0"]
[WhiteElo "1899"]
[BlackElo "1703"]
[PlyCount "67"]
[EventDate "2010.10.20"]
[EventType "swiss"]
[EventRounds "11"]
[EventCountry "GRE"]
[SourceTitle "EXT 2011"]
[Source "ChessBase"]
[SourceDate "2010.11.26"]
[SourceVersion "1"]
[SourceVersionDate "2010.11.26"]
[SourceQuality "1"]

1. e4 c5 2. d4 cxd4 3. c3 d3 4. Bxd3 Nc6 5. c4 g6 6. Nc3 Bg7 7. Nf3 d6 8. h3 Nf6 9. 0-0 0-0 10. Be3 Nd7 11. Rc1 Nc5 12. Bb1 Be6 13. Qe2 h6 14. Rfd1 Qa5 15. Nd5 Rfe8 16. Bd2 Qd8 17. e5 Nxe5 18. Nxe5 Bxe5 19. Bxh6 Bg7 20. Bxg7 Kxg7 21. b4 Bxd5 22. bxc5 Bc6 23. Qb2+ Kg8 24. Rd4 e5 25. Rd3 Re6 26. Qd2 Qh4 27. cxd6 Rd8 28. c5 g5 29. Rg3 f6 30. a3 Kg7 31. Ba2 Ree8 32. Bd5 Qa4 33. Rc4 Qb5 34. Rxg5+ 1-0

[Event "Cerdanyola del Valles op 28th"]
[Site "Cerdanyola del Valles"]
[Date "2010.10.02"]
[Round "1"]
[White "Fernandez Aguilar, Francisco"]
[Black "Castellet Menchon, Cora"]
[Result "1-0"]
[WhiteElo "1927"]
[BlackElo "1703"]
[PlyCount "69"]
[EventDate "2010.10.02"]
[EventType "swiss"]
[EventRounds "7"]
[EventCountry "ESP"]
[SourceTitle "EXT 2012"]
[Source "ChessBase"]
[SourceDate "2011.11.24"]
[SourceVersion "1"]
[SourceVersionDate "2011.11.24"]
[SourceQuality "1"]

1. e4 c5 2. Nc3 Nc6 3. Bb5 Nd4 4. Bc4 g6 5. Nf3 Nc6 6. d4 cxd4 7. Nxd4 Bg7 8. Nxc6 bxc6 9. 0-0 d6 10. Qf3 Nf6 11. h3 0-0 12. Be3 Bb7 13. Rad1 Qa5 14. Bb3 Rfd8 15. Rfe1 d5 16. exd5 cxd5 17. Bd4 Qc7 18. Bxf6 Bxf6 19. Nxd5 Bxd5 20. Bxd5 Rab8 21. Bb3 a5 22. h4 a4 23. Bxa4 Bxb2 24. Bb3 e6 25. h5 Qc3 26. Qg4 Qf6 27. hxg6 Qxg6 28. Qh4 Bf6 29. Qa4 Kh8 30. Rd7 Rg8 31. g3 Bc3 32. Red1 Qf5 33. Qa7 Rbf8 34. Qe3 Rg7 35. Qxc3 1-0